Historia de la ciencia de San Agustín a Galileo / (Registro nro. 50135)

Detalles MARC
000 -LEADER
campo de control de longitud fija 01112nam a2200265 i 4500
001 - NÚMERO DE CONTROL
campo de control 50135
003 - IDENTIFICADOR DE NÚMERO DE CONTROL
campo de control ES-MaACL
005 - FECHA Y HORA DE LA ÚLTIMA TRANSACCIÓN
campo de control 20250821111320.0
007 - CAMPO FIJO DE DESCRIPCIÓN FÍSICA--INFORMACIÓN GENERAL
campo de control de longitud fija t|
008 - DATOS DE LONGITUD FIJA--INFORMACIÓN GENERAL
campo de control de longitud fija 030731s1974 sp ||||1| spa d
100 1# - ENTRADA PRINCIPAL--NOMBRE DE PERSONA
Nombre de persona Crombie, A.C.
9 (RLIN) 41678
245 10 - MENCIÓN DEL TÍTULO
Título Historia de la ciencia de San Agustín a Galileo /
Mención de responsabilidad, etc. A. C. Crombie ; versión de José Bernia ; revisión de Luis García Ballester.
260 ## - PUBLICACIÓN, DISTRIBUCIÓN, ETC.
Lugar de publicación, distribución, etc. [Madrid] :
Nombre del editor, distribuidor, etc. Alianza,
Fecha de publicación, distribución, etc. [1974]
300 ## - DESCRIPCIÓN FÍSICA
Extensión 2 v. :
Otras características físicas il. ;
Dimensiones 20 cm.
490 1# - MENCIÓN DE SERIE
Mención de serie Alianza universidad ;
Designación de volumen o secuencia 76
505 8# - NOTA DE CONTENIDO CON FORMATO
Nota de contenido con formato Contiene: V. I: La ciencia en la Edad Media: siglos V al XIII. V. II: La ciencia en la Baja Edad Media y comienzos de la Edad Moderna: siglos XIII al XVII
650 04 - PUNTO DE ACCESO ADICIONAL DE MATERIA--TÉRMINO DE MATERIA
Término de materia o nombre geográfico como elemento de entrada Ciencia-
Subdivisión de forma Historia.
9 (RLIN) 10954
700 1# - ENTRADA AGREGADA--NOMBRE PERSONAL
Nombre de persona Bernia, José.
9 (RLIN) 28339
700 1# - ENTRADA AGREGADA--NOMBRE PERSONAL
Nombre de persona García Ballester, Luis,
Fechas asociadas al nombre 1936-2000
9 (RLIN) 54214
740 3# - ENTRADA AGREGADA--TÍTULO RELACIONADO/ANALÍTICO NO CONTROLADO
Título relacionado o analítico no controlado La ciencia en la Edad Media: siglos V al XIII.
740 3# - ENTRADA AGREGADA--TÍTULO RELACIONADO/ANALÍTICO NO CONTROLADO
Título relacionado o analítico no controlado La ciencia en la Baja Edad Media y comienzos de la Edad Moderna: siglos XIII al XVII.
830 0# - PUNTO DE ACCESO ADICIONAL DE SERIE-TÍTULO UNIFORME
Título uniforme Alianza universidad ;
Designación de volumen o secuencia 76
9 (RLIN) 177276
852 ## - LOCALIZACIÓN
Ubicación ES-MaACL
Número de control de estantería L-1888-89
Sublocalización o colección R.89601
Existencias
Estatus retirado Estado de pérdida Estado de daño No para préstamo Biblioteca de origen Biblioteca actual Ubicación en estantería Fecha de adquisición Fuente de adquisición Total de préstamos Signatura topográfica completa Código de barras Visto por última vez Precio de reemplazo Tipo de ítem Koha
        Biblioteca del Ateneo de Madrid Biblioteca del Ateneo de Madrid Depósito 2 17/01/2008     L-1888-89 1052739 23/02/2023 23/02/2023 Libro impreso